| 000 | 01009cam a2200193 4500 | ||
|---|---|---|---|
| 008 | 030828n2003 000 0 eng u | ||
| 035 | _a(Sirsi) u123390 | ||
| 245 | _aBuilding prices at double inflation | ||
| 260 | _c2003 | ||
| 490 |
_aRICS Press Release _v(pr086) 28 August 2003 (2) |
||
| 520 | _aResearch by the RICS Building Cost Information Service forecasts that the cost of building in the UK could rise at double the rate of inflation over the next five years. This is good news for contractors but not for clients. The main impetus is expected to be public infrastructure projects (but not social housing). The forecast is based on the prompt release of public funds and the assumption that the Chancellor will stand by his commitment to expenditure on construction. | ||
| 590 | _aWB | ||
| 650 | _aCONSTRUCTION INDUSTRY | ||
| 650 | _aBUILT ENVIRONMENT-BUILDING COSTS | ||
| 650 | _aCONSTRUCTION FORECASTS | ||
| 650 | _aPRICE RISES | ||
| 690 | _aBUILT ENVIRONMENT-BUILDING COSTS | ||
| 942 | _n0 | ||
| 999 |
_c73293 _d73293 |
||